• 首页
  • 本馆介绍
  • 公告通知
  • 最新文献
  • 馆藏检索
  • 电子资源
  • 读者导购
  • 参考咨询
  • 我的图书馆
  • 登录
  • 详细信息显示
  • 放入我的书架
  • 预约/预借图书
  • 作者相关作品
  • 分类相关作品
  • 丛书相关作品
  • 出版社相关作品

书目信息

  • 表格格式
  • 工作单格式
  • 卡片格式
题名:
熔盐物理化学
    
 
作者: 别略耶夫 著 ;胡方华 译
分册:  
出版信息: 北京   中国工业出版社  1963
页数: 341页
开本: 19cm
丛书名:
单 册:
中图分类: TF111.52
科图分类:
主题词: 提取冶金 , 化学冶金
电子资源:
ISBN:
000 00684nam0 2200229 450
001 0754350328
005 20070803094703.84
010    @dCNY1.60
091    @a15165.2159(冶金-315)
100    @a20070802d1963 km y0chiy0120 ea
101 0  @achi
102    @aCN@b110000
200 1  @a熔盐物理化学@Arong yan wu li hua xue@f(苏)А·И·别略耶夫等著@F(su)А·И·bie lue ye fu deng zhu@g胡方华译@Ghu fang hua yi
210    @a北京@c中国工业出版社@d1963
215    @a341页@d19cm
606 0  @a提取冶金
606 0  @a化学冶金
690    @aTF111.52@v3
701  1 @a别略耶夫@Abie lue ye fu@4著
702  0 @a胡方华@Ahu fang hua@4译
801  0 @aCN@bPFT@c20070803
905    @a10447@dTF111.52@e28
    
    熔盐物理化学/(苏)А·И·别略耶夫等著/胡方华译.-北京:中国工业出版社,1963
    341页;19cm
    
    
    ISBN :CNY1.60
    
●
相关链接 在E读中查询图书 在五车中查询图书 在当当中查询图书 在豆瓣中查询图书


正题名:熔盐物理化学     索取号:TF111.52/28         预约/预借

序号 登录号 条形码 馆藏地/架位号 状态 备注
1 0791115   207911152   第二样本阅览室/ [索取号:TF111.52/28] 在馆    
唐山师范学院图书馆 欢迎您!
大连网信软件有限公司© 版权所有